Bibliografía de la extensión agrícola /
Guardado en:
| Autor Principal: | |
|---|---|
| Formato: | Libro |
| Idioma: | English |
| Publicado: |
Roma :
FAO,
1964.
|
| Series: | Documento de trabajo
|
| Etiquetas: |
Agregar Etiqueta
Sin Etiquetas, Sea el primero en etiquetar este registro!
|
| LEADER | 00492nam a22001575a 4500 | ||
|---|---|---|---|
| 001 | EEA.libagro003239 | ||
| 005 | 20190618112425.0 | ||
| 008 | 130809s1964####it############000#0#eng#d | ||
| 082 | 0 | 4 | |a 630.715 |
| 100 | 1 | |a Thomas, U. | |
| 245 | 1 | 0 | |a Bibliografía de la extensión agrícola / |c U. Thomas. |
| 260 | |a Roma : |b FAO, |c 1964. | ||
| 300 | |a 871 p. ; |c 27 cm. | ||
| 490 | 1 | |a Documento de trabajo | |
| 500 | |a En alemán, inglés, francés y español. | ||
| 859 | |a AR-BbBCA |b BIB. AGRONOMIA |h B630.715 |i T462 |p 1982/0130 | ||
